| 000 | 01468nam a22003734a 4500 | ||
|---|---|---|---|
| 001 | ebr10080936 | ||
| 003 | CaPaEBR | ||
| 006 | m u | ||
| 007 | cr cn||||||||| | ||
| 008 | 020611s2003 enka sb 001 0 eng | ||
| 010 | _z 2002108287 | ||
| 020 | _z9781412933360 | ||
| 020 | _z0761965742 (pbk.) | ||
| 040 |
_aCaPaEBR _cCaPaEBR |
||
| 035 | _a(OCoLC)70774188 | ||
| 050 | 1 | 4 |
_aRC531 _b.H262 2003eb |
| 082 | 0 | 4 |
_a616.85/223 _222 |
| 100 | 1 | _aSanders, Diana. | |
| 245 | 1 | 0 |
_aCounselling for anxiety problems _h[electronic resource] / _cDiana Sanders and Frank Wills. |
| 250 | _a2nd ed. | ||
| 260 |
_aLondon ; _aThousand Oaks, Calif. : _bSage Pub., _c2003. |
||
| 300 |
_axvi, 248 p. : _bill. |
||
| 490 | 1 | _aCounselling in practice | |
| 500 | _aFirst ed.: Counselling for anxiety problems / Richard S. Hallam, published in 1992. | ||
| 504 | _aIncludes bibliographical references and index. | ||
| 533 |
_aElectronic reproduction. _bPalo Alto, Calif. : _cebrary, _d2013. _nAvailable via World Wide Web. _nAccess may be limited to ebrary affiliated libraries. |
||
| 650 | 0 |
_aAnxiety _xPatients _xCounseling of. |
|
| 655 | 7 |
_aElectronic books. _2local |
|
| 700 | 1 |
_aHallam, Richard S. _tCounselling for anxiety problems. |
|
| 700 | 1 | _aWills, Frank. | |
| 710 | 2 | _aebrary, Inc. | |
| 830 | 0 | _aCounselling in practice. | |
| 856 | 4 | 0 |
_uhttp://site.ebrary.com/lib/rucke/Doc?id=10080936 _zAn electronic book accessible through the World Wide Web; click to view |
| 999 |
_c55552 _d55552 |
||